000 00945nam a2200229Ia 4500
001 2917
003 GE_BSU
008 181216s||||||||xx |||||||||||||| ||und||
020 _a58622253890
040 _cGE_BSU
080 _a658.15(075.8)+657
245 _aУправленический учет( с элеменетами финансового учета):
245 _bПособие для подгатовки Бухгалтеров- менжеров,Бухгалтеров Аналитиков по прогрмме магистра делового администрирования.
245 _cпод. ред В . Палия И. Р. Вандер Вила
260 _aМосква
260 _bИНФРА-М
260 _c1997
300 _a480 с. 21 см.
541 _h14 Л. 35Т..
653 _aУправленический учетс элеменеами финансового учет
942 _cBK
999 _c36965
_d36965